The Cancer problem in the context of modernity: sociology, demography, politics /
Guardado en:
| Autor principal: | |
|---|---|
| Formato: | Texto |
| Etiquetas: |
Agregar Etiqueta
Sin Etiquetas, Sea el primero en etiquetar este registro!
|
MARC
| LEADER | 00000 a a2200000 04500 | ||
|---|---|---|---|
| 001 | 48670 | ||
| 003 | |||
| 040 | |||
| 100 | |a Remennick, Larissa I. | ||
| 245 | |a The Cancer problem in the context of modernity: sociology, demography, politics / |c Larissa I. Remennick | ||
| 773 | |g volumen 46, número 1, (1998) | ||
| 999 | |c 37704 |d 37704 | ||
